| 000 | 00958cam a2200289 i 4500 | ||
|---|---|---|---|
| 001 | 55577 | ||
| 003 | Mx-PuUPA | ||
| 005 | 20220421131402.0 | ||
| 008 | 140415s2008 xxu gr 000 0 spa d | ||
| 020 | _a9780816691265 | ||
| 040 |
_aMX-PuUPA _bspa _erda _cMx-PuUPA _dMx-PuUPA |
||
| 041 | 0 | _aspa | |
| 100 | 1 |
_aEmerson, Lori, _eautor _96290 |
|
| 245 | 1 | 0 |
_aReading writing interfaces : _bfrom the digital to the bookbound / _cLori Emerson. |
| 264 | 1 |
_aMinneapolis : _bUniversity of Minnesota Press, _c2008 |
|
| 300 |
_axxi, 222 páginas ; _c22 cm. |
||
| 336 |
_atexto _2rdacontent _btxt |
||
| 337 |
_asin mediación _2rdamedia _bn |
||
| 338 |
_avolumen _2rdacarrier _bnc |
||
| 490 | 0 |
_aElectronic Mediations : _v44 |
|
| 650 | 7 |
_aLiteratura _xHistoria y crítica _2armarc |
|
| 650 | 4 |
_aLiteratura _xTecnología |
|
| 650 | 4 | _aLiteratura sistema hipertexto | |
| 942 |
_2ddc _cLI _h802.85 _iEME |
||
| 999 |
_c55577 _d55577 |
||